Szent Péter esernyője

Bibliographic Details
Main Author: Mikszáth, Kálmán, 1847-1910 (Author)
Format: Book
Language:English
PhysicalDescription:250, 5 s.
Published: Budapest Szépirodalmi Könyvkiadó 1968

MARC

LEADER 00000nam a2200000 a 4500
001 vtls008187128
003 SK-MaSNL
005 20260302074053.0
008 240318 000 0 eng
040 |a SNK  |b slo  |c SNK  |e AACR2 
100 1 |a Mikszáth, Kálmán,  |d 1847-1910  |4 aut  |9 89516 
245 1 0 |a Szent Péter esernyője 
260 |a Budapest  |b Szépirodalmi Könyvkiadó  |c 1968 
300 |a 250, 5 s. 
999 |c 1163565  |d 1165495 
952 |a SNK  |b SNK  |y PREZ  |7 0  |p 17A0842844  |o snkSD 33978   |0 0  |1 0  |4 0  |d 2013-08-09  |l 0  |r 2026-02-24 20:40:43  |w 2026-02-24 
952 |a SNK  |b SNK  |y VYP  |7 0  |p 17A0478038  |o snkSD 33978 D1  |i snkKSP 6028/68  |3 rekatalogizácia  |0 0  |1 0  |4 0  |d 2005-07-29  |l 0  |r 2026-02-24 20:40:43  |w 2026-02-24